000 00863nam a2200265Ia 4500
003 OSt
005 20221005104415.0
006 a|||||r|||| 00| 0
007 ta
008 221004b |||||||| |||| 00| 0 hin d
020 _a9788126314911 (hbk)
_c100
024 _a121448
037 _b13336, 23/07/2012, Kitab Ghar
_cTextual
040 _aCRL
_cCRL
_bhin
041 _2hin
_ahin
082 _aO152,1N40w, P8
100 _aसचदेव, पद्मा
245 0 _aइन बिन
246 _aIn bina
260 _aदिल्ली
_bभारतीय ज्ञानपीठ भारत
_c2008
300 _a111पृ0
_ccm.
650 _aहिन्दी साहित्य
942 _hO152,1N40w, P8
_cTEXL
_2cc
999 _c1012623
_d1012623